Southville International School and Colleges
Your cart is empty.
  • Cart
  • Lists
    Public lists Eva Luna New books Lux_list list_1
    Your lists Log in to create your own lists
  • Log in to your account
  • Your cookies
  • Search history
Southville International School and Colleges
  • Advanced search
  • Recent comments
  • Most popular
  • Libraries

Log in to your account

Log in with GOOGLE


If you do not have an external account, but do have a local account, you can still log in:

  1. Home
  2. MARC view: High-resolution CT of the chest :
Normal view MARC view ISBD view

High-resolution CT of the chest : (Record no. 14029)

[ view plain ]
MARC details
000 -LEADER
fixed length control field 01304cam a2200349 a 4500
001 - CONTROL NUMBER
control field 673348
003 - CONTROL NUMBER IDENTIFIER
control field OSt
005 - DATE AND TIME OF LATEST TRANSACTION
control field 20140310182522.0
008 - FIXED-LENGTH DATA ELEMENTS--GENERAL INFORMATION
fixed length control field 950928s1996 paua b 001 0 eng c
010 ## - LIBRARY OF CONGRESS CONTROL NUMBER
LC control number 95044618
020 ## - INTERNATIONAL STANDARD BOOK NUMBER
International Standard Book Number 9780781791908
020 ## - INTERNATIONAL STANDARD BOOK NUMBER
International Standard Book Number 0781791901
040 ## - CATALOGING SOURCE
Original cataloging agency DNLM/DLC
Transcribing agency DLC
Modifying agency DLC
050 10 - LIBRARY OF CONGRESS CALL NUMBER
Classification number RC 941
Item number .St85 1996
060 10 - NATIONAL LIBRARY OF MEDICINE CALL NUMBER
Classification number WF 17 S839h 1996
082 00 - DEWEY DECIMAL CLASSIFICATION NUMBER
Classification number 617.5/407572
100 1# - MAIN ENTRY--PERSONAL NAME
Personal name Stern, Eric J.
9 (RLIN) 9363
245 10 - TITLE STATEMENT
Title High-resolution CT of the chest :
Remainder of title comprehensive atlas /
Statement of responsibility, etc Eric J. Stern, Stephen J. Swensen.
260 ## - PUBLICATION, DISTRIBUTION, ETC. (IMPRINT)
Place of publication, distribution, etc Philadelphia :
Name of publisher, distributor, etc Lippincott-Raven,
Date of publication, distribution, etc c2010.
300 ## - PHYSICAL DESCRIPTION
Extent 289 p. :
Other physical details ill. ;
Dimensions 29 cm.
504 ## - BIBLIOGRAPHY, ETC. NOTE
Bibliography, etc Includes bibliographical references and index.
650 #0 - SUBJECT ADDED ENTRY--TOPICAL TERM
Topical term or geographic name as entry element Chest
General subdivision Tomography
-- Atlases.
9 (RLIN) 9364
650 12 - SUBJECT ADDED ENTRY--TOPICAL TERM
Topical term or geographic name as entry element Respiratory Tract Diseases
General subdivision radiography
-- atlases.
9 (RLIN) 9365
650 22 - SUBJECT ADDED ENTRY--TOPICAL TERM
Topical term or geographic name as entry element Respiratory System
General subdivision pathology
-- atlases.
9 (RLIN) 9366
650 22 - SUBJECT ADDED ENTRY--TOPICAL TERM
Topical term or geographic name as entry element Thoracic Radiography
General subdivision atlases.
9 (RLIN) 9367
650 22 - SUBJECT ADDED ENTRY--TOPICAL TERM
Topical term or geographic name as entry element Tomography, X-Ray Computed
General subdivision atlases.
9 (RLIN) 9368
700 1# - ADDED ENTRY--PERSONAL NAME
Personal name Swensen, Stephen J.
9 (RLIN) 9369
906 ## - LOCAL DATA ELEMENT F, LDF (RLIN)
a 7
b cbc
c orignew
d 1
e ocip
f 19
g y-gencatlg
942 ## - ADDED ENTRY ELEMENTS (KOHA)
Source of classification or shelving scheme Library of Congress Classification
Koha item type
Holdings
Withdrawn status Lost status Source of classification or shelving scheme Damaged status Home library Current library Shelving location Date acquired Total Checkouts Full call number Barcode Date last seen Copy number Price effective from Koha item type
    Library of Congress Classification   South SEED-LPDH College Library South SEED-LPDH College Library South SEED-LPDH College Section 08/10/2013   RC 941 .St85 1996 SSLC0137 05/15/2018 1 08/10/2013 Books

High-resolution CT of the chest :

APA

Stern E. J., Swensen S. J., . (2010). High-resolution CT of the chest. Philadelphia: Lippincott-Raven.

Chicago

Stern Eric J, Swensen Stephen J, . 2010. High-resolution CT of the chest. Philadelphia: Lippincott-Raven.

Harvard

Stern E. J., Swensen S. J., . (2010). High-resolution CT of the chest. Philadelphia: Lippincott-Raven.

MLA

Stern Eric J, Swensen Stephen J, . High-resolution CT of the chest. Philadelphia: Lippincott-Raven. 2010.

  • Place hold
  • Print
  • Cite
  • Add to your cart (remove)
  • Save record
    BIBTEX Dublin Core MARCXML MARC (non-Unicode/MARC-8) MARC (Unicode/UTF-8) MARC (Unicode/UTF-8, Standard) MODS (XML) RIS
  • More searches
    Search for this title in:
    Other Libraries (WorldCat) Other Databases (Google Scholar) Online Stores (Bookfinder.com) Open Library (openlibrary.org)

Exporting to Dublin Core...

SOUTHVILLE LIBRARY

Southville International School and Colleges Library

1281 Tropical Ave. Cor. Luxembourg St., BF Homes International, Las Pinas City

Tel. No. 8256374 / 252358 Loc. 117/146

Powered by Koha